Normal view
MARC view
Entry Personal Name
001 - CONTROL NUMBER
- control field: 69379
003 - CONTROL NUMBER IDENTIFIER
- control field: dpl
005 - DATE AND TIME OF LATEST TRANSACTION
- control field: 20240802160823.0
008 - FIXED-LENGTH DATA ELEMENTS
- fixed length control field: 240802|| aca||aabn | a|a d
040 ## - CATALOGING SOURCE
- Original cataloging agency: dpl
- Transcribing agency: dpl
100 ## - HEADING--PERSONAL NAME
- Personal name: मनु, प्रकाश
670 ## - SOURCE DATA FOUND
- Source citation: Work cat.: (dpl)202720: मनु, प्रकाश, सांता क्लोज का पिटारा/, 2023
